[Event "NED-ch U16"]
[Site "Almelo"]
[Date "2023.05.05"]
[Round "6"]
[White "Guillaumond, Matthieu"]
[Black "Niemeijer, Leon"]
[Result "1-0"]
[WhiteElo "2010"]
[BlackElo "1903"]
[PlyCount "143"]
[EventDate "2023.04.30"]
[EventType "swiss"]
[EventRounds "7"]
[EventCountry "NED"]
[SourceTitle "CBM 214 Extra"]
[Source "ChessBase"]
[SourceDate "2023.07.31"]
[SourceVersion "1"]
[SourceVersionDate "2023.07.31"]
[SourceQuality "1"]

1. e4 e6 2. d4 d5 3. Nc3 Nf6 4. e5 Nfd7 5. f4 c5 6. Nf3 Nc6 7. Be3 cxd4 8. Nxd4 Qb6 9. Qd2 Qxb2 10. Rb1 Qa3 11. Bb5 Bb4 12. Rb3 Qa5 13. Bxc6 bxc6 14. Nxc6 Bxc3 15. Nxa5 Bxd2+ 16. Kxd2 f6 17. Bd4 fxe5 18. fxe5 0-0 19. Rf3 Rxf3 20. gxf3 Nb6 21. Rb1 Rb8 22. Bxb6 Rxb6 23. Rxb6 axb6 24. Nc6 Kf7 25. Kc3 Bd7 26. Nd4 g5 27. Kd3 Kg6 28. Ke3 Kh5 29. Kf2 Kh4 30. Kg2 h6 31. c3 Kh5 32. Kg3 Kg6 33. h4 Kh5 34. hxg5 hxg5 35. a3 b5 36. Kh3 Kh6 37. Kg4 Kg6 38. Ne2 Kh6 39. Nc1 Be8 40. Nb3 Bd7 41. Na5 Kg6 42. Nb7 Bc8 43. Nd6 Bd7 44. f4 gxf4 45. Kxf4 Bc6 46. Ke3 Kg5 47. Nf7+ Kf5 48. Kd4 Kf4 49. Kc5 Be8 50. Nd6 Bd7 51. Nxb5 Kxe5 52. a4 Ke4 53. Kd6 Bc8 54. Kc7 Ba6 55. Kb6 Bxb5 56. Kxb5 Kd3 57. a5 Kxc3 58. a6 d4 59. a7 d3 60. a8Q d2 61. Qc6+ Kb2 62. Qg2 Kc1 63. Qc6+ Kb2 64. Qh1 Kc2 65. Qe4+ Kb2 66. Qd4+ Kc2 67. Qc4+ Kb2 68. Qd3 Kc1 69. Qc3+ Kd1 70. Kc4 e5 71. Kd3 e4+ 72. Ke3 1-0

[Event "Hoogeveen op 25th"]
[Site "Hoogeveen"]
[Date "2022.10.16"]
[Round "2"]
[White "Van De Mheen, Steven"]
[Black "Niemeijer, Leon"]
[Result "0-1"]
[WhiteElo "1473"]
[BlackElo "1841"]
[PlyCount "110"]
[EventDate "2022.10.15"]
[EventType "swiss"]
[EventRounds "9"]
[EventCountry "NED"]
[SourceTitle "CBM 210 Extra"]
[Source "ChessBase"]
[SourceDate "2022.11.30"]
[SourceVersion "1"]
[SourceVersionDate "2022.11.30"]
[SourceQuality "1"]

1. e4 e6 2. d4 d5 3. exd5 exd5 4. Nf3 Nc6 5. Bf4 Bd6 6. Bxd6 Qxd6 7. c3 Bg4 8. Be2 Nge7 9. h3 Bf5 10. Bd3 Bxd3 11. Qxd3 Qe6+ 12. Qe2 Qxe2+ 13. Kxe2 0-0-0 14. Re1 f6 15. Nbd2 Rhe8 16. Kd3 Nf5 17. g4 Nd6 18. Rxe8 Rxe8 19. Re1 Ne7 20. b3 Kd7 21. c4 dxc4+ 22. bxc4 c6 23. Rb1 Ng6 24. c5 Nf4+ 25. Kc2 Nb5 26. Rb3 Nxh3 27. a4 Nc7 28. Rxb7 Kc8 29. Rb1 Nxf2 30. g5 Ne4 31. gxf6 Nxd2 32. Kxd2 gxf6 33. Rh1 Re7 34. Nh4 Ne8 35. Nf5 Rf7 36. Re1 Kd7 37. Kd3 h5 38. Rh1 Rh7 39. Ke4 Nc7 40. Ne3 Ke6 41. Ng2 f5+ 42. Kf3 Nd5 43. a5 Kf6 44. Ke2 Kg5 45. Kf3 h4 46. Rg1 Kf6 47. Nf4 Nxf4 48. Kxf4 h3 49. Rh1 h2 50. a6 Ke6 51. Kg5 Kd5 52. Kxf5 Kxd4 53. Kg4 Kxc5 54. Kg3 Kb6 55. Kg2 c5 0-1

[Event "NED-ch U16"]
[Site "Almelo"]
[Date "2022.05.04"]
[Round "4"]
[White "Achuthan, Dylan"]
[Black "Niemeijer, Leon"]
[Result "1-0"]
[WhiteElo "1995"]
[BlackElo "1693"]
[PlyCount "133"]
[EventDate "2022.05.01"]
[EventType "swiss"]
[EventRounds "9"]
[EventCountry "NED"]
[SourceTitle "EXT 2023"]
[Source "ChessBase"]
[SourceDate "2022.10.05"]
[SourceVersion "1"]
[SourceVersionDate "2022.10.05"]
[SourceQuality "1"]

1. e4 e6 2. b3 d5 3. Bb2 dxe4 4. Nc3 Nf6 5. Qe2 b6 6. Nxe4 Bb7 7. Nxf6+ gxf6 8. 0-0-0 Rg8 9. f4 Nd7 10. Nf3 Qe7 11. g3 0-0-0 12. Bg2 e5 13. fxe5 fxe5 14. Nxe5 Nxe5 15. Bxb7+ Kxb7 16. Qxe5 Qxe5 17. Bxe5 Bh6 18. Rhf1 Rd5 19. Bf4 Bg7 20. Rde1 Rd7 21. Re4 f6 22. Re6 Rf8 23. Be3 c5 24. Rf5 Rff7 25. Rh5 Bf8 26. Bf4 Rde7 27. Rxe7+ Rxe7 28. Kd1 Kc6 29. Bh6 Bxh6 30. Rxh6 Rf7 31. Ke2 Kd5 32. Kf3 Ke5 33. g4 Rg7 34. h3 Rf7 35. Rh5+ Ke6 36. c3 Rd7 37. Ke3 Re7 38. d4 cxd4+ 39. Kxd4 Rd7+ 40. Kc4 a6 41. Kb4 Rg7 42. c4 Kd6 43. Kc3 Ke6 44. b4 Kd6 45. a4 Re7 46. a5 Kc7 47. axb6+ Kxb6 48. Rh6 Kc7 49. Rxf6 Re3+ 50. Kd4 Rxh3 51. Rxa6 Rh4 52. Kc5 Kb7 53. Rd6 Rxg4 54. Rd7+ Kc8 55. Rxh7 Rg6 56. Kb5 Rg5+ 57. c5 Rg6 58. c6 Rg4 59. Kc5 Kd8 60. b5 Rg5+ 61. Kb6 Rg6 62. Rh8+ Ke7 63. Kb7 Rg7 64. c7 Kd6 65. Rh6+ Kc5 66. Kb8 Kxb5 67. c8Q 1-0